000
00315nam a22001457a 4500
008
210304b ||||| |||| 00| 0 eng d
020
_a
0918091861
041
_a
eng
080
_2
2nd
_a
311
082
_a
311
100
_a
55
101
_a
STA
245
_a
Discovering Statistics
_c
Hawkes, J.S
942
_2
udc
_c
BK
999
_c
55738
_d
55738